000 00603nam a2200241 a 4500
001 nice12345678
003 IN_TiNIC
005 20260116011401.0
008 050524s1314 iraa grp 000 0 per
020 _a
_c100
082 0 0 _a297.82
_bSHE
100 _aShehrastani, Syed Habtud-Din
245 _aTawhid-I-Ahl-I-Tawhid
260 _aIran
_bMatba Sepehr
_c1314
300 _a46p.
500 _aincludes index and biblioraphy
505 2 _aPlus Some Other Tracts
650 _aShiah-Doctrines
700 1 _aShehrastani, Syed Habtud-Din
902 _bSRS
942 _cBK
999 _c1061
_d1061